000 00766nam a2200217Ia 4500
999 _c53668
_d53668
001 20715
003 GE_BSU
005 20221110151734.0
008 181216s2015||||xx |||||||||||||| ||eng||
020 _a9780199689675x
040 _cGE_BSU
080 _a341.1 P-80
245 _aPolicy-Making in the European Union /
_cEdited by Wallace Helen, Pollack Mark A., Young A. R.
250 _aSeventh edition
264 _aOxford :
_bOxford university Press,
_c2015.
300 _a574 p. ;
_e25 cm.
653 _aPolicy-Making in the European Union
653 _aРазработка политики в Европейском Союзе
653 _aევროკავშირში პოლიტიკის შემუშავება
942 _cBK
_2udc